Des névroses aux états limites (notice n° 1925347)

détails MARC
000 -LEADER
fixed length control field 01322cam a2200145 4500500
005 - DATE AND TIME OF LATEST TRANSACTION
control field 20260329023203.0
041 ## - LANGUAGE CODE
Language code of text/sound track or separate title fre
042 ## - AUTHENTICATION CODE
Authentication code dc
100 10 - MAIN ENTRY--PERSONAL NAME
Personal name de Luca, Manuella
Relator term author
245 00 - TITLE STATEMENT
Title Des névroses aux états limites
260 ## - PUBLICATION, DISTRIBUTION, ETC.
Name of publisher, distributor, etc. Armand Colin,<br/>
Date of publication, distribution, etc. 2015.<br/>
520 ## - SUMMARY, ETC.
Summary, etc. S’appuyant sur la psychologie clinique, la psychopathologie, la psychanalyse et la psychiatrie, ce manuel présente les structures de la vie psychique. Revenant sur la tripartition proposée par Freud (névroses, psychoses, perversions), il insiste plus particulièrement sur l’articulation entre les névroses et les états limites. La confrontation des deux entités autorise à déchiffrer des frontières communes et des chevauchements. Cette grille de lecture originale permet d’appréhender d’une autre manière la psychopathologie actuelle, notamment la question de la perte, du deuil, des dépressions, des angoisses relationnelles, des états de détresse, de l’Œdipe, des échecs face au succès, du narcissisme. L’ouvrage s’intéresse également aux prises en charge, dans leur diversité, pour proposer des pistes dans la relation thérapeutique.
700 10 - ADDED ENTRY--PERSONAL NAME
Personal name Estellon, Vincent
Relator term author
856 41 - ELECTRONIC LOCATION AND ACCESS
Uniform Resource Identifier <a href="https://shs.cairn.info/des-nevroses-aux-etats-limites--9782200287283?lang=fr&redirect-ssocas=7080">https://shs.cairn.info/des-nevroses-aux-etats-limites--9782200287283?lang=fr&redirect-ssocas=7080</a>

Pas d'exemplaire disponible.

PLUDOC

PLUDOC est la plateforme unique et centralisée de gestion des bibliothèques physiques et numériques de Guinée administré par le CEDUST. Elle est la plus grande base de données de ressources documentaires pour les Étudiants, Enseignants chercheurs et Chercheurs de Guinée.

Adresse

627 919 101/664 919 101

25 boulevard du commerce
Kaloum, Conakry, Guinée

Réseaux sociaux

Powered by Netsen Group @ 2025